Представление документа в формате MARC21

ПолеНазваниеЗначение
  Тип записи a
  Библиографический уровень m
001 Контрольный номер RU\infra-m\znanium\bibl\2219340
005 Дата корректировки 20260429142344.2
008 Кодируемые данные 260122s2026 RU g rus u
020 Индекс ISBN __
a ISBN 978-5-16-006773-5
020 Индекс ISBN __
a ISBN 978-5-16-110417-0 (электр. издание)
040 Источник каталогиз. __
a Служба первич. каталог. Общество с ограниченной ответственностью «ЗНАНИУМ»
041 Код языка издания __
a Код языка текста rus
044 Код страны публикации __
a Код страны публикации RU
080 Индекс УДК __
a Индекс УДК 801.73(075.4)
084 Индекс другой классификации/Индекс ББК __
2 Источник индекса rubbk
a Индекс другой классификации/Индекс ББК 83
084 Индекс другой классификации/Индекс ББК __
2 Источник индекса okso
a Индекс другой классификации/Индекс ББК 45.03.01
084 Индекс другой классификации/Индекс ББК __
2 Источник индекса okso
a Индекс другой классификации/Индекс ББК 45.04.01
084 Индекс другой классификации/Индекс ББК __
2 Источник индекса okso
a Индекс другой классификации/Индекс ББК 53.04.05
100 Автор __
a Автор Серафимова В.Д.
q Полное имя Серафимова Вера Дмитриевна
u Дополнение Московский педагогический государственный университет
245 Заглавие __
a Заглавие Поэтика прозы Л.И. Бородина: диалог с культурным пространством
b Продолж. заглавия Монография
c Ответственность Московский педагогический государственный университет
250 Сведения об издании __
a Основные сведения об издании 1
260 Выходные данные __
a Место издания Москва
b Издательство ООО "Научно-издательский центр ИНФРА-М"
c Дата издания 2026
300 Физическое описание __
a Объем 100 с.
440 Серия __
a Серия Научная мысль
520 Аннотация __
a Аннотация Рассматриваются проблематика поэтика прозы современного русского писателя Л.И. Бородина. Повести «Божеполье» «Повесть странного времени» «Третья правда» «Ловушка для Адама» «Бесиво» «Царица смуты» рассказы и повести вошедшие в последнюю самим писателем составленную книгу «Киднепинг по-советски» но изданную уже после его ухода из жизни и другие произведения рассматриваются в широком литературном и философском контексте прослеживаются художественные связи прозы с русской классической литературой выявляется генетический код важных для писателя мыслей поэтических средств и приемов. Концепция произведений Л.И. Бородина представлена в связи прошлого и современности в актуализации онтологических вопросов бытия человека имеющих вневременную ценность общечеловеческую значимость. Книга адресована специалистам-филологам преподавателям русской литературы студентам аспирантам всем интересующимся историей русской литературы.
521 Примеч. о цел. назн. __
a Примеч. о целев. назн. Дополнительное профессиональное образование
650 Тематические рубрики __
a Основная рубрика Филологические науки
x Основная подрубрика Литературоведение. Фольклористика
655 Указ. предметных рубрик (устаревшее) __
a Жанр/ форма (устаревшее) Монография
856 Электронный адрес документа 4_
a Имя сервера/домена znanium.ru
m Помощь ebs_support@infra-m.ru
n Местонахождение сервера НИЦ ИНФРА-М
u URL https://znanium.ru/catalog/document?id=476897
856 Электронный адрес документа 48
a Имя сервера/домена znanium.ru
d Путь /cover/2219
f Электронное имя 2219340.jpg
q Тип электронного формата image/jpeg
u URL https://znanium.ru/cover/2219/2219340.jpg
911 __
u 0030=https://znanium.ru/catalog/document?id=476897